000
00260nam a2200109Ia 4500
008
230312s9999||||xx |||||||||||||| ||und||
082
_a
657
_b
BRI-M
100
_a
O brien lewis garnett hubbard
245
0
_a
Microeconomics 3
650
_a
Management
942
_c
BK
999
_c
14714
_d
14714